• 首页
  • 本馆介绍
  • 公告通知
  • 最新文献
  • 馆藏检索
  • 电子资源
  • 读者导购
  • 参考咨询
  • 我的图书馆
  • 登录
  • 详细信息显示
  • 放入我的书架
  • 预约/预借图书
  • 作者相关作品
  • 分类相关作品
  • 丛书相关作品
  • 出版社相关作品

书目信息

  • 表格格式
  • 工作单格式
  • 卡片格式
题名:
体育游戏介绍
    
 
作者: 陶志翔 主编
分册:  
出版信息: 北京   中国社会出版社  2006
页数: 169页
开本: 21cm
丛书名: 大众体育知识丛书
单 册:
中图分类: G898.1
科图分类:
主题词: 体育--游戏--基本知识 , 体育 , 游戏
电子资源:
ISBN: 7-5087-0998-5
000 00835oam2 2200277 450
001 003385168
005 20070923091415.04
010    @a7-5087-0998-5@dCNY10.00
100    @a20070108d2006 em y0chiy0110 ea
101 0  @achi
102    @aCN@b110000
105    @aa z 000yy
106    @ar
200 1  @a体育游戏介绍@9ti yu you xi jie shao@f陶志翔主编
210    @a北京@c中国社会出版社@d2006
215    @a169页@c图@d21cm
225 2  @a大众体育知识丛书
330    @a本书内容包括:体育游戏的起源和发展、体育游戏的分类、体育游戏的特点、体育游戏的作用、体育游戏的规格、体育游戏选择原则等。
461  0 @12001 @a大众体育知识丛书
606 0  @a体育@x游戏@x基本知识
606 0  @a体育
606 0  @a游戏
690    @aG898.1@v4
701  0 @a陶志翔@9tao zhi xiang@f(1965~)@4主编
801  0 @aCN@bNLC@c20070923
905    @dG898.1@e272
    
    体育游戏介绍/陶志翔主编.-北京:中国社会出版社,2006
    169页:图;21cm.-(大众体育知识丛书)
    
    
    ISBN 7-5087-0998-5:CNY10.00
    本书内容包括:体育游戏的起源和发展、体育游戏的分类、体育游戏的特点、体育游戏的作用、体育游戏的规格、体育游戏选择原则等。
●
相关链接 在E读中查询图书 在五车中查询图书 在当当中查询图书 在豆瓣中查询图书


正题名:体育游戏介绍     索取号:G898.1/272         预约/预借

序号 登录号 条形码 馆藏地/架位号 状态 备注
1 0626461   206264610   第一样本阅览室/ [索取号:G898.1/272] 在馆    
2 0626462   206264629   第四借阅区/ [索取号:G898.1/272] 在馆    
3 0626463   206264638   第四借阅区/ [索取号:G898.1/272] 在馆    
4 0626464   206264647   第四借阅区/ [索取号:G898.1/272] 在馆    
5 0626465   206264656   第四借阅区/ [索取号:G898.1/272] 在馆    
唐山师范学院图书馆 欢迎您!
大连网信软件有限公司© 版权所有